David Spade Filmography - Statistics

General Stats
  • This quiz has been taken 112 times
    25 since last reset
  • The average score is 14 of 115
Answer Stats
Type Year Name % Correct
Film 2010 Grown Ups
92%
Film 2013 Grown Ups 2
83%
Film 2001 Joe Dirt
75%
Film 1995 Tommy Boy
75%
Film 1996 Black Sheep
67%
TV Show 1990-1996, 1998-2024 Saturday Night Live
67%
Film 2015 Joe Dirt 2: Beautiful Loser
50%
Film | Video Game 2000 The Emperor's New Groove
42%
Film 2003 Dickie Roberts: Former Child Star
33%
TV Show 1997-2003 Just Shoot Me!
33%
Film 2012 Hotel Transylvania
25%
Film 2006 The Benchwarmers
25%
Film 2015 The Ridiculous 6
25%
Film 2020 The Wrong Missy
25%
TV Show 2004-2005 8 Simple Rules
17%
Film 1993 Coneheads
17%
Film 2018 Father of the Year
17%
Film 2006 Grandma's Boy
17%
Film 2018 Hotel Transylvania 3: Summer Vacation
17%
Film 2022 Hotel Transylvania 4: Transformania
17%
Film 2007 I Now Pronounce You Chuck & Larry
17%
Film 2005 Kronk's New Groove
17%
TV Show 2019-2020 Lights Out with David Spade
17%
Film 2000 Loser
17%
Film 1999 Lost & Found
17%
Film 2005 Racing Stripes
17%
TV Show 2007-2013 Rules of Engagement
17%
Film 2017 Sandy Wexler
17%
Film 2016 The Do-Over
17%
Award Show 2003 2003 Spike Video Game Awards
8%
Film 1997 8 Heads in a Duffel Bag
8%
TV Show 1990 ALF
8%
Film 1996 A Very Brady Sequel
8%
TV Show 1989 Baywatch
8%
TV Show 1993, 1994, 1995 Beavis and Butt-Head
8%
Commercial 2004 Capital One
8%
Commercial 1999 Coors Beer
8%
TV Show 2016 Crowded
8%
TV Show 2009 Curb Your Enthusiasm
8%
Stand-Up Special 2025 David Spade: Dandelion
8%
Stand-Up Special 2014 David Spade: My Fake Problems
8%
Stand-Up Special 2022 David Spade: Nothing Personal
8%
Stand-Up Special 1998 David Spade: Take the Hit
8%
TV Show 2011 Entourage
8%
TV Show 2015-2017 Fameless
8%
TV Show 2004 Father of the Pride
8%
Podcast 2022-Present Fly on the Wall with Dana Carvey and David Spade
8%
TV Show 2002 Greg the Bunny
8%
Music Video 2018 Gucci Flip Flops
8%
TV Show 2012 Hot in Cleveland
8%
Documentary 2015 I Am Chris Farley
8%
TV Show 2016 Inside Amy Schumer
8%
Film 2011 Jack and Jill
8%
Film 2013 Jungle Master
8%
Film 1992 Light Sleeper
8%
Film 2005 Lil' Pimp
8%
Film 2017 Mad Families
8%
TV Show 1990 Monsters
8%
Film TBA Outcome
8%
Film 1994 PCU
8%
Film 1987 Police Academy 4: Citizens on Patrol
8%
Film 1994 Reality Bites
8%
TV Show 2015 Real Rob
8%
TV Show 2016 Roadies
8%
TV Show 2000, 2021 Sammy
8%
Film 1998 Senseless
8%
TV Show 2023 Snake Oil
8%
TV Special 2025 SNL50: The Anniversary Special
8%
Film 2013 Snowflake, the White Gorilla
8%
Film 2015 Space Breakout
8%
TV Show 2020 The Ellen DeGeneres Show
8%
TV Show 1988 The Facts of Life
8%
TV Show 2014 The Goldbergs
8%
TV Show 1992, 1998 The Larry Sanders Show
8%
Film 1998 The Rugrats Movie
8%
TV Show 2005-2007 The Showbiz Show with David Spade
8%
TV Mini-Series 2014 The Spoils of Babylon
8%
Film 2018 Warning Shot
8%
Commercial 1996 1-800-COLLECT
0%
Commercial 2010 7UP
0%
TV Show TBA Almost Paradise
0%
TV Show 1988, 1989 An Evening at the Improv
0%
TV Show 2021 Bachelor in Paradise
0%
TV Film 2013 Bad Management
0%
Film 1996 Beavis and Butt-Head Do America
0%
Short Film 1993 Buddy
0%
Film TBA Busboys
0%
Web Series 2008-2010 Carpet Bros
0%
TV Show 2001 Comedy Central Canned Ham
0%
TV Special 2016 Comedy Central Roast of Rob Lowe
0%
Music Video 1999 David Duchovny
0%
Short Film 2013 David Spade Catfish?
0%
Web Special 2021 Fate: The Winx Saga - The Afterparty
0%
TV Show 2010 Funny or Die Presents...
0%
Film 2011 Hollywood & Wine
0%
Web Mini-Series 2020 Home Movie: The Princess Bride
0%
TV Show 2022, 2023 HouseBroken
0%
TV Show 2017 Jimmy Kimmel Live!
0%
TV Show 2017 Lady Dynamite
0%
TV Special 1995 Live at the Joint
0%
Web Series 2017-2018 Love
0%
TV Film 2016 Mr. and Mrs. Smith Parody
0%
TV Show 2021 Mr. Mayor
0%
TV Show 2011 Ridiculousness
0%
Short Film 2012 Sh*t People Don't Say in LA
0%
Commercial 2003 Sierra Mist
0%
Commercial 2021-Present Sierra Trading Post
0%
Award Show 1997 The 1997 Billboard Music Awards
0%
TV Film 2016 The Kicker
0%
Video Game 2006 The Legend of Spyro: A New Beginning
0%
TV Show 2023 The Masked Singer
0%
TV Show 2017-2018 The Mayor
0%
Web Series 2020, 2021 The Netflix Afterparty
0%
TV Show 2022 Welcome Home Nikki Glaser?
0%
No matching quizzes found
Score Distribution
Percent of People with Each Score
Percentile by Number Answered
Your Score History
You have not taken this quiz since the last reset